Principios generales de microbiología /
Guardado en:
| Autor Principal: | |
|---|---|
| Autor Corporativo: | |
| Formato: | Libro |
| Idioma: | Spanish |
| Publicado: |
Washington :
Programa Regional de Desarrollo Científico y Tecnológico,
1970.
|
| Series: | Serie de biología. Monografía ;
no. 7 |
| Etiquetas: |
Agregar Etiqueta
Sin Etiquetas, Sea el primero en etiquetar este registro!
|
| LEADER | 00682nam a22001575a 4500 | ||
|---|---|---|---|
| 001 | EEA.libagro005759 | ||
| 005 | 20161004132329.0 | ||
| 008 | 130809s1970####xxua##########000#0#spa#d | ||
| 082 | 0 | 4 | |a 576 |
| 100 | 1 | |a Palleroni, Norberto J. | |
| 245 | 1 | 0 | |a Principios generales de microbiología / |c por Norberto J. Palleroni. |
| 260 | |a Washington : |b Programa Regional de Desarrollo Científico y Tecnológico, |c 1970. | ||
| 300 | |a v, 124 p. : |b il. ; |c 23 cm. | ||
| 490 | 1 | |a Serie de biología. Monografía ; |v no. 7 | |
| 710 | 2 | |a Organización de los Estados Americanos. |b Secretaría General. |b Programa Regional de Desarrollo Científico y Tecnológico. | |
| 859 | |a AR-BbBCA |b BIB. AGRONOMIA |h 576 |i P166 |p 1998/3103 | ||
